000
00212 a2200097 4500
001
13830
100
_a
Herman L
245
_a
Algebra for School
260
_a
London
_b
W & R Chambers Ltd
_c
090
_c
10808
_d
10808
942
_a
NUST-CAE
_c
M
_c
901
999
_c
248903
_d
248903